[Event "M.Botvinnik Memorial 2012"]
[Site "St. Petersburg, Russia"]
[Date "2012.08.29"]
[Round "5.71"]
[White "Solovjova, Valentina"]
[Black "Panov, Ivan"]
[Result "0-1"]
[WhiteElo "2175"]
[BlackElo "2033"]
[PlyCount "72"]
[EventDate "2012.08.25"]

1. e4 c5 2. c3 d5 3. exd5 Qxd5 4. d4 Nf6 5. Nf3 Bg4 6. dxc5 Qxc5 7. Be3 Qc7 8.
Bb5+ Nbd7 9. h3 Bh5 10. g4 Bg6 11. Qa4 e6 12. Nbd2 Be7 13. Bf4 Qc8 14. Ne5 a6
15. Bxd7+ Nxd7 16. Nxg6 hxg6 17. O-O-O b5 18. Qc2 Nf6 19. Ne4 O-O 20. Nxf6+
Bxf6 21. g5 Be7 22. h4 Qc4 23. Be3 Qxa2 24. Rd7 Rfe8 25. Qe4 Rac8 26. Qb7 Rb8
27. Qe4 b4 28. Bd4 Qa1+ 29. Qb1 Qa4 30. Rxe7 Rxe7 31. Qe4 bxc3 32. Qe5 Qa1+ 33.
Kc2 Qxb2+ 34. Kd3 Qd2+ 35. Kc4 Rc8+ 36. Kb3 Rb7+ 0-1

[Event "M.Botvinnik Memorial 2012"]
[Site "St. Petersburg, Russia"]
[Date "2012.08.29"]
[Round "5.72"]
[White "Ustinov, Alexey"]
[Black "Tselkovskiy, Kirill"]
[Result "0-1"]
[WhiteElo "2155"]
[BlackElo "1991"]
[PlyCount "84"]
[EventDate "2012.08.25"]

1. e4 e5 2. Nf3 Nc6 3. Bc4 Nf6 4. d3 h6 5. O-O d6 6. c3 g6 7. Nbd2 Bg7 8. Re1
O-O 9. Bb3 Nh5 10. Nf1 Be6 11. Be3 d5 12. Bc5 Re8 13. Ba4 Nf4 14. Ne3 dxe4 15.
dxe4 Nd3 16. Ba3 Nxe1 17. Qxe1 a6 18. Bxc6 bxc6 19. c4 Qd3 20. Qa5 Qxe4 21.
Qxc7 Rad8 22. Bb4 Rd7 23. Qa5 f5 24. Re1 Bf7 25. Qxa6 c5 26. Nd5 Qd3 27. Re3
Qd1+ 28. Re1 Qd3 29. Re3 Qc2 30. Bc3 Bxd5 31. cxd5 Qd1+ 32. Re1 Qxd5 33. Qxg6
Qf7 34. Qc6 e4 35. Bxg7 exf3 36. Bc3 Rxe1+ 37. Bxe1 Rd1 38. gxf3 Rxe1+ 39. Kg2
Kh7 40. Qxc5 Qg6+ 41. Kh3 Rg1 42. Qe7+ Qg7 0-1

[Event "M.Botvinnik Memorial 2012"]
[Site "St. Petersburg, Russia"]
[Date "2012.08.29"]
[Round "5.73"]
[White "Akkozov, Berik"]
[Black "Shemenko, Georgy"]
[Result "1-0"]
[WhiteElo "2401"]
[BlackElo "1746"]
[PlyCount "119"]
[EventDate "2012.08.25"]

1. c4 Nf6 2. Nf3 g6 3. Nc3 Bg7 4. g3 O-O 5. Bg2 d5 6. cxd5 Nxd5 7. O-O Nc6 8.
a3 Bg4 9. h3 Be6 10. d4 Nb6 11. e3 Bc4 12. Re1 e5 13. b3 Be6 14. Nxe5 Nxe5 15.
dxe5 Bxe5 16. Qc2 Nd5 17. Bb2 Nxc3 18. Bxc3 Bxc3 19. Qxc3 c6 20. h4 h5 21. b4
Qb6 22. a4 a5 23. Reb1 axb4 24. Rxb4 Qa5 25. Qb2 Bc8 26. Rf4 Ra6 27. Rb1 Qd8
28. Qb3 Qe7 29. Be4 Qe6 30. Qc3 Rxa4 31. Bd5 Qxd5 32. Rxa4 b5 33. Rd4 Qf3 34.
Rc1 Bh3 35. Qxc6 Qe2 36. Qc2 Qxc2 37. Rxc2 Be6 38. Rcd2 Kg7 39. Rd8 Rxd8 40.
Rxd8 b4 41. Rb8 b3 42. e4 Kf6 43. Rb5 Bc4 44. Rb4 Be6 45. Kf1 Ke5 46. Ke2 Kd6
47. Kd3 Kc5 48. Kc3 f5 49. exf5 gxf5 50. Rb8 Kd6 51. Rh8 Bf7 52. Rh7 Ke7 53.
Rh6 Kd7 54. Rf6 Be6 55. Rg6 Bf7 56. Rg5 Ke6 57. Kxb3 Ke5+ 58. Kc3 Ke4 59. f3+
Ke5 60. g4 1-0

[Event "M.Botvinnik Memorial 2012"]
[Site "St. Petersburg, Russia"]
[Date "2012.08.29"]
[Round "5.74"]
[White "Ulanov, Alexandr"]
[Black "Potyavin, Igor"]
[Result "1-0"]
[WhiteElo "2398"]
[BlackElo "2053"]
[PlyCount "65"]
[EventDate "2012.08.25"]

1. d4 Nf6 2. Nf3 g6 3. c4 Bg7 4. g3 O-O 5. Bg2 c5 6. d5 e6 7. O-O exd5 8. cxd5
d6 9. Nc3 Na6 10. Bf4 Nc7 11. a4 Re8 12. Nd2 Nh5 13. Be3 f5 14. Nc4 b6 15. Nb5
Bf8 16. Bf3 Nf6 17. Bg5 Nxb5 18. axb5 Bb7 19. Ra3 h6 20. Bxf6 Qxf6 21. Qa1 Qf7
22. Rd1 Qd7 23. Rxa7 Qc7 24. b3 Bg7 25. Qa6 Rab8 26. Qxb6 Qxb6 27. Nxb6 Bc8 28.
Nc4 Bf6 29. b6 Bb7 30. Na5 Ra8 31. Nxb7 Rxa7 32. bxa7 Ra8 33. Nxd6 1-0

[Event "M.Botvinnik Memorial 2012"]
[Site "St. Petersburg, Russia"]
[Date "2012.08.29"]
[Round "5.75"]
[White "Donskov, Anatoly"]
[Black "Nikomanis, Andreas"]
[Result "1-0"]
[WhiteElo "2328"]
[BlackElo "2049"]
[PlyCount "57"]
[EventDate "2012.08.25"]

1. e4 c5 2. Nf3 d6 3. d4 cxd4 4. Nxd4 Nf6 5. Nc3 g6 6. Be3 Bg7 7. f3 O-O 8. Qd2
Nc6 9. Bc4 Bd7 10. O-O-O Rc8 11. Bb3 Ne5 12. Kb1 Nc4 13. Bxc4 Rxc4 14. g4 b5
15. b3 b4 16. bxc4 bxc3 17. Qxc3 Qc7 18. h4 h5 19. g5 Nh7 20. Qd3 Rb8+ 21. Nb3
Nf8 22. Bd4 a5 23. Bxg7 Kxg7 24. Qc3+ e5 25. c5 a4 26. Rxd6 Be6 27. Qxe5+ Kh7
28. Rhd1 Qa5 29. Rxe6 1-0

[Event "M.Botvinnik Memorial 2012"]
[Site "St. Petersburg, Russia"]
[Date "2012.08.29"]
[Round "5.76"]
[White "Korchagina, Viktoria"]
[Black "Molchanova, Tatjana"]
[Result "0-1"]
[WhiteElo "2071"]
[BlackElo "2318"]
[PlyCount "78"]
[EventDate "2012.08.25"]

1. e4 c6 2. d4 d5 3. exd5 cxd5 4. Bd3 Nc6 5. c3 Nf6 6. h3 g6 7. Nf3 Bg7 8. O-O
O-O 9. Re1 Qc7 10. Na3 a6 11. Nc2 Bf5 12. Bg5 Bxd3 13. Qxd3 Ne4 14. Bh4 b5 15.
a4 Rab8 16. axb5 axb5 17. Ra6 Rfc8 18. Rea1 h6 19. Nd2 Qf4 20. Nxe4 Qxh4 21.
Nc5 b4 22. Nd7 Rb7 23. Nc5 Rbc7 24. Ra8 e6 25. Rxc8+ Rxc8 26. Qb5 bxc3 27. bxc3
Qd8 28. Ra6 Qc7 29. Rb6 Bf8 30. Na6 Qf4 31. Rxc6 Rxc6 32. Qxc6 Qc1+ 33. Kh2
Qxc2 34. Kg1 Qc1+ 35. Kh2 Qd2 36. f3 Qf4+ 37. Kg1 Bd6 38. Qb5 Qe3+ 39. Kf1 Bg3
0-1

[Event "M.Botvinnik Memorial 2012"]
[Site "St. Petersburg, Russia"]
[Date "2012.08.29"]
[Round "5.77"]
[White "Safronov, Kirill"]
[Black "Rjanova, Valery"]
[Result "1/2-1/2"]
[WhiteElo "2034"]
[BlackElo "2208"]
[PlyCount "81"]
[EventDate "2012.08.25"]

1. e4 c5 2. Nc3 g6 3. d3 Nc6 4. Be3 d6 5. d4 b6 6. Bb5 Bd7 7. Nf3 Bg7 8. Qd2
Na5 9. Be2 Rc8 10. dxc5 bxc5 11. O-O Nf6 12. Bh6 O-O 13. Bxg7 Kxg7 14. e5 Ne8
15. Rad1 Bf5 16. Nh4 Be6 17. b3 Nc6 18. exd6 Nxd6 19. Ba6 Rb8 20. Na4 c4 21.
Qc3+ Kg8 22. Bxc4 Bxc4 23. bxc4 Qc7 24. Nc5 Nb4 25. Qe5 Rfc8 26. a3 Qxc5 27.
Qxe7 Nb7 28. Qxc5 Nxc5 29. axb4 Rxb4 30. Rd4 Ne6 31. Rd7 Rbxc4 32. Nf3 R8c7 33.
Rxc7 Nxc7 34. Rc1 Nd5 35. Kf1 Nc3 36. Ra1 Nd5 37. Rxa7 Rxc2 38. g3 Rc7 39. Rxc7
Nxc7 40. Ke2 Kg7 41. Kd3 1/2-1/2

[Event "M.Botvinnik Memorial 2012"]
[Site "St. Petersburg, Russia"]
[Date "2012.08.29"]
[Round "5.78"]
[White "Klukin, Kirill"]
[Black "Lupik, Marina"]
[Result "0-1"]
[WhiteElo "2025"]
[BlackElo "2197"]
[PlyCount "114"]
[EventDate "2012.08.25"]

1. d4 d5 2. c4 e6 3. cxd5 exd5 4. Nc3 c6 5. Nf3 Nf6 6. Qc2 Bd6 7. Bg5 O-O 8. e3
Re8 9. Bd3 h6 10. Bh4 Nbd7 11. O-O g5 12. Bg3 Bxg3 13. hxg3 Qe7 14. Bf5 Ne4 15.
Nxe4 dxe4 16. Bxd7 Qxd7 17. Ne5 Qd5 18. f3 Bf5 19. fxe4 Bxe4 20. Qd1 f5 21. Qh5
Qe6 22. g4 Rf8 23. gxf5 Bxf5 24. Rae1 Be4 25. Qg4 Bf5 26. Qh5 Kg7 27. b3 a5 28.
e4 Bh7 29. Qe2 Bg8 30. Qb2 Rae8 31. Rxf8 Rxf8 32. Nd3 Kh7 33. Nc5 Qe7 34. e5
Bd5 35. e6 Rf4 36. Rf1 Rxf1+ 37. Kxf1 Bxe6 38. Qe2 Qf7+ 39. Qf2 Qxf2+ 40. Kxf2
Bc8 41. Ne4 b6 42. d5 cxd5 43. Nf6+ Kg7 44. Nxd5 b5 45. g3 h5 46. Ne3 Be6 47.
Nc2 Kf6 48. Nd4 Bd7 49. Ke3 h4 50. gxh4 gxh4 51. Kf4 h3 52. Nf3 Ke6 53. Ke3 Kd5
54. Kd3 Bf5+ 55. Kc3 b4+ 56. Kb2 Ke4 57. Nh2 Ke3 0-1

[Event "M.Botvinnik Memorial 2012"]
[Site "St. Petersburg, Russia"]
[Date "2012.08.29"]
[Round "5.79"]
[White "Suslova, Alena"]
[Black "Kopasov, Evgeny"]
[Result "1-0"]
[WhiteElo "2196"]
[BlackElo "2007"]
[PlyCount "67"]
[EventDate "2012.08.25"]

1. c4 Nf6 2. g3 g6 3. Bg2 d5 4. cxd5 Nxd5 5. Qa4+ c6 6. Nc3 Nxc3 7. bxc3 Bg7 8.
Nf3 O-O 9. d4 c5 10. O-O Nc6 11. Rd1 Qc7 12. Ba3 cxd4 13. cxd4 Bd7 14. Qb3 Na5
15. Qd3 Rfe8 16. Rac1 Qd8 17. d5 Ba4 18. Re1 Rc8 19. Bb4 Rxc1 20. Rxc1 Qb6 21.
Qa3 Qb5 22. Rc5 Nc4 23. Rxb5 Nxa3 24. Rxb7 Nb5 25. Bxe7 Bf8 26. Bxf8 Kxf8 27.
e3 Rc8 28. Bf1 a6 29. Ne5 Nd6 30. Rb6 Rc1 31. Kg2 Ne4 32. Rb4 Bc2 33. Bd3 f5
34. Rc4 1-0

[Event "M.Botvinnik Memorial 2012"]
[Site "St. Petersburg, Russia"]
[Date "2012.08.29"]
[Round "5.80"]
[White "Van Den Ouden, Lendert"]
[Black "Matsenko, Andrei"]
[Result "0-1"]
[WhiteElo "2000"]
[BlackElo "2188"]
[PlyCount "72"]
[EventDate "2012.08.25"]

1. Nf3 d5 2. d4 Nf6 3. c4 e6 4. g3 c6 5. Qc2 Be7 6. Bg2 O-O 7. O-O Nbd7 8. b3
Ne4 9. Ba3 Bxa3 10. Nxa3 Qe7 11. Qb2 a5 12. Nc2 b6 13. Nce1 Ba6 14. Rc1 Rac8
15. Nd3 f6 16. cxd5 exd5 17. Nf4 Rfe8 18. Rfd1 Nf8 19. h4 Ne6 20. Nxe6 Qxe6 21.
e3 c5 22. dxc5 bxc5 23. Rc2 Rcd8 24. Ne1 d4 25. exd4 cxd4 26. Rxd4 Nxg3 27.
fxg3 Qe3+ 28. Kh2 Rxd4 29. Nf3 Rd3 30. Rc7 Qe2 31. Rc2 Qe7 32. Qc1 Qe3 33. Qa3
Bb7 34. Qa4 Red8 35. Qg4 Bxf3 36. Bxf3 Qxf3 0-1

[Event "M.Botvinnik Memorial 2012"]
[Site "St. Petersburg, Russia"]
[Date "2012.08.29"]
[Round "5.81"]
[White "Boytsov, Alexander"]
[Black "Pischikov, Vadim"]
[Result "0-1"]
[WhiteElo "1920"]
[BlackElo "2158"]
[PlyCount "116"]
[EventDate "2012.08.25"]

1. e4 e5 2. Nf3 Nc6 3. d4 exd4 4. Nxd4 Bc5 5. Nxc6 bxc6 6. Bc4 Qh4 7. O-O Nf6
8. g3 Qh3 9. Qf3 d5 10. exd5 Bg4 11. Re1+ Kf8 12. Qc3 Bxf2+ 13. Kxf2 Qxh2+ 14.
Ke3 Qxg3+ 15. Kd4 c5+ 16. Kxc5 Qd6+ 17. Kd4 c5+ 18. Kd3 Bf5+ 19. Kd2 Ne4+ 20.
Rxe4 Bxe4 21. b3 Re8 22. Ba3 h5 23. Kc1 h4 24. Nd2 Bxd5 25. Bxd5 Qxd5 26. Qxc5+
Qxc5 27. Bxc5+ Kg8 28. Nf3 Rh5 29. Bxa7 g5 30. Kd2 g4 31. Rg1 f5 32. Be3 Rh7
33. c3 h3 34. Nh2 Rg7 35. Rg3 Re4 36. Kd3 f4 37. Bxf4 Rxf4 38. Ke3 Rf5 39. Nxg4
Rfg5 40. Nh6+ Kh7 41. Rxh3 Kg6 42. a4 Kf6 43. b4 Ke6 44. Kd4 Rh7 45. a5 Kd7 46.
Rh2 Rg6 47. Kc5 Rhxh6 48. Rc2 Rh5+ 49. Kc4 Rg4+ 50. Kb3 Rh3 51. b5 Kd6 52. Rf2
Rh5 53. Rf6+ Kc5 54. Rb6 Rh3 55. Rb8 Rb4+ 56. Ka3 Rxc3+ 57. Ka2 Rxb5 58. Rc8+
Kb4 0-1

[Event "M.Botvinnik Memorial 2012"]
[Site "St. Petersburg, Russia"]
[Date "2012.08.29"]
[Round "5.82"]
[White "Vardanian, Hamazasp"]
[Black "Fedoseeva, Valentina"]
[Result "1-0"]
[WhiteElo "2153"]
[BlackElo "1957"]
[PlyCount "35"]
[EventDate "2012.08.25"]

1. f4 d5 2. Nf3 Nf6 3. g3 c5 4. Bg2 Nc6 5. d3 Qc7 6. O-O e5 7. fxe5 Nxe5 8. Nc3
d4 9. Nxe5 Qxe5 10. Bf4 Qe6 11. Nb5 Qd7 12. Nc7+ Kd8 13. Nxa8 Bd6 14. c3 Bxf4
15. Rxf4 Nd5 16. Bxd5 Qxd5 17. cxd4 g5 18. Rf2 1-0

[Event "M.Botvinnik Memorial 2012"]
[Site "St. Petersburg, Russia"]
[Date "2012.08.29"]
[Round "5.83"]
[White "Aminov, Andrey"]
[Black "Zakharov, Yuri"]
[Result "1-0"]
[WhiteElo "2142"]
[BlackElo "1907"]
[PlyCount "95"]
[EventDate "2012.08.25"]

1. e4 d6 2. d4 Nf6 3. Bd3 e5 4. c3 Be7 5. Nf3 Nc6 6. Nbd2 O-O 7. O-O Bg4 8. h3
Bh5 9. Qb3 Qc8 10. Re1 Nd7 11. g4 Bg6 12. d5 Nc5 13. Qc2 Nxd3 14. Qxd3 Nb8 15.
Nf1 Qd8 16. Ng3 h6 17. Be3 Bg5 18. Bxg5 hxg5 19. Qd2 f6 20. Kg2 Qd7 21. c4 a5
22. b3 b6 23. a3 Kf7 24. b4 Rh8 25. Rec1 Na6 26. Ne1 Nb8 27. c5 axb4 28. axb4
Rxa1 29. Rxa1 bxc5 30. bxc5 dxc5 31. Qa5 Qd6 32. Rc1 Nd7 33. Nd3 Rb8 34. Nxc5
Nxc5 35. Rxc5 Rb6 36. Qc3 Rb7 37. Rc6 Qd7 38. Qc4 Ke7 39. Qa6 Rb3 40. Qa7 Kd8
41. Qc5 Be8 42. Nf5 Rb7 43. Re6 Rb5 44. Qf8 Qf7 45. Qa3 g6 46. Re7 gxf5 47.
Rxf7 Bxf7 48. Qf8+ 1-0

[Event "M.Botvinnik Memorial 2012"]
[Site "St. Petersburg, Russia"]
[Date "2012.08.29"]
[Round "5.84"]
[White "Pen, Pyotr"]
[Black "Aleksandrov, Grigoriy"]
[Result "1-0"]
[WhiteElo "2138"]
[BlackElo "1845"]
[PlyCount "81"]
[EventDate "2012.08.25"]

1. e4 c5 2. Nf3 d6 3. d4 cxd4 4. Nxd4 Nf6 5. Nc3 a6 6. Be2 e5 7. Nb3 Be6 8. O-O
Be7 9. Be3 Nbd7 10. f3 Nc5 11. Nxc5 dxc5 12. Qe1 O-O 13. Na4 Qc7 14. c4 Rad8
15. Nc3 Bd6 16. Rc1 Qa5 17. Bg5 Qb4 18. b3 h6 19. Be3 Qb6 20. Qf2 Be7 21. Na4
Qa5 22. Nxc5 Qxa2 23. Ra1 Qb2 24. Rfb1 Qc3 25. Rc1 Qb2 26. Rab1 Qa3 27. Nxb7
Rb8 28. Nc5 Rfd8 29. Ra1 Qb2 30. Nd3 Qxb3 31. Nxe5 Ra8 32. Nc6 Re8 33. Rcb1 Qc2
34. Nd4 Qc3 35. Nxe6 fxe6 36. Bd4 Qd2 37. Rb2 Qf4 38. c5 a5 39. Bb5 Reb8 40.
Bc4 Kf7 41. Rb6 1-0

[Event "M.Botvinnik Memorial 2012"]
[Site "St. Petersburg, Russia"]
[Date "2012.08.29"]
[Round "5.85"]
[White "Yakupova, Aysyla"]
[Black "Fokin, Anatoly"]
[Result "1-0"]
[WhiteElo "2116"]
[BlackElo "1803"]
[PlyCount "43"]
[EventDate "2012.08.25"]

1. e4 d5 2. exd5 Nf6 3. d4 Nxd5 4. Nf3 g6 5. c4 Nb6 6. Nc3 Bg7 7. c5 N6d7 8.
Bc4 O-O 9. O-O Nc6 10. Re1 e5 11. Bg5 Bf6 12. Bxf6 Qxf6 13. Nd5 Qd8 14. dxe5
Nxc5 15. Qe2 Be6 16. Nf6+ Kg7 17. Bxe6 Nxe6 18. Qe4 Qe7 19. Qh4 h6 20. Rac1 Qb4
21. Rc4 Qa5 22. Qxh6+ 1-0

[Event "M.Botvinnik Memorial 2012"]
[Site "St. Petersburg, Russia"]
[Date "2012.08.29"]
[Round "5.86"]
[White "Savinov, Leonid"]
[Black "Dyakov, Vladislav"]
[Result "1/2-1/2"]
[WhiteElo "2208"]
[BlackElo "1855"]
[PlyCount "70"]
[EventDate "2012.08.25"]

1. d4 Nf6 2. Nf3 g6 3. Bf4 Bg7 4. e3 O-O 5. Be2 d6 6. h3 Nc6 7. O-O Nd7 8. Bh2
e5 9. Nc3 f5 10. d5 Ncb8 11. e4 Nf6 12. Nd2 f4 13. a4 g5 14. Ra3 Rf7 15. Bg4
Nxg4 16. hxg4 Nd7 17. Re1 Nf6 18. f3 h5 19. gxh5 Nxh5 20. Nf1 Nf6 21. g4 fxg3
22. Nxg3 g4 23. Nf5 Bxf5 24. exf5 gxf3 25. Qxf3 Qd7 26. Kh1 Nh7 27. Ne4 Rxf5
28. Qg2 Raf8 29. Rg1 R8f7 30. Rg3 Kf8 31. Qh3 Kg8 32. Qg2 Kf8 33. Qh3 Kg8 34.
Qg2 Kf8 35. Qh3 Kg8 1/2-1/2

[Event "M.Botvinnik Memorial 2012"]
[Site "St. Petersburg, Russia"]
[Date "2012.08.29"]
[Round "5.87"]
[White "Timirev, Sergey"]
[Black "Nikitinyh, Boris"]
[Result "0-1"]
[WhiteElo "1848"]
[BlackElo "2185"]
[PlyCount "54"]
[EventDate "2012.08.25"]

1. e4 c6 2. d4 d5 3. e5 Bf5 4. Nc3 e6 5. g4 Bg6 6. Nge2 f6 7. h4 Nd7 8. h5 Bf7
9. f4 Bb4 10. a3 Ba5 11. Be3 Bc7 12. Qd2 Ne7 13. O-O-O b5 14. Ng3 a5 15. Bd3 h6
16. Rdg1 Nb6 17. exf6 gxf6 18. g5 hxg5 19. fxg5 fxg5 20. Bxg5 b4 21. Nb1 Bd6
22. Qe2 Qc7 23. Qg4 bxa3 24. Nxa3 Rg8 25. h6 Rxg5 26. h7 Rxg4 27. h8=Q+ Rg8 0-1

[Event "M.Botvinnik Memorial 2012"]
[Site "St. Petersburg, Russia"]
[Date "2012.08.29"]
[Round "5.88"]
[White "Kosov, Igor"]
[Black "Lagashin, Pavel"]
[Result "1/2-1/2"]
[WhiteElo "1807"]
[BlackElo "2175"]
[PlyCount "146"]
[EventDate "2012.08.25"]

1. d4 Nf6 2. c4 c5 3. d5 e6 4. Nc3 exd5 5. cxd5 d6 6. Bg5 Be7 7. e4 Nxe4 8.
Nxe4 Bxg5 9. Bb5+ Kf8 10. Nxg5 Qxg5 11. Nf3 Qxg2 12. Rg1 Qh3 13. Rg3 Qf5 14.
Qd2 Bd7 15. Bd3 Qxd5 16. O-O-O Nc6 17. Qf4 Nd4 18. Rg5 Qxf3 19. Qxd6+ Ke8 20.
Re5+ Be6 21. Rxc5 Nc6 22. Bb5 Rc8 23. Re5 Qg4 24. Kb1 g6 25. f3 Qh3 26. Rd3 a6
27. f4 Qf1+ 28. Rd1 Qxb5 29. Rxe6+ fxe6 30. Qd7+ Kf8 31. Qxc8+ Kg7 32. Rd7+ Kh6
33. Qxh8 Qf1+ 34. Kc2 Qe2+ 35. Kc3 Qe3+ 36. Rd3 Qc1+ 37. Kb3 Na5+ 38. Ka3 Qc5+
39. b4 Qc1+ 40. Ka4 Qc2+ 41. Kxa5 Qxd3 42. Qf8+ Kh5 43. Qc5+ Kg4 44. Qg5+ Kf3
45. Qg3+ Ke4 46. Qxd3+ Kxd3 47. Kb6 g5 48. fxg5 e5 49. h4 e4 50. h5 e3 51. g6
hxg6 52. hxg6 e2 53. g7 e1=Q 54. g8=Q Qxb4+ 55. Ka7 Kc2 56. Qg7 a5 57. Qg2+ Kb1
58. a4 Qxa4 59. Qxb7+ Qb4 60. Qh1+ Kc2 61. Qg2+ Kd3 62. Qf3+ Kd4 63. Qf6+ Kd5
64. Qf3+ Kc5 65. Qf8+ Kc6 66. Qc8+ Kd6 67. Qd8+ Ke6 68. Qg8+ Kd7 69. Qd5+ Ke8
70. Qg8+ Qf8 71. Qg4 Qd6 72. Qh5+ Kd7 73. Qxa5 Qc7+ 1/2-1/2

[Event "M.Botvinnik Memorial 2012"]
[Site "St. Petersburg, Russia"]
[Date "2012.08.29"]
[Round "5.89"]
[White "Ljubarov, Mark"]
[Black "Egorov, Daniil"]
[Result "1/2-1/2"]
[WhiteElo "2158"]
[BlackElo "1824"]
[PlyCount "84"]
[EventDate "2012.08.25"]

1. e4 c5 2. Nf3 d6 3. c3 Nf6 4. Be2 g6 5. O-O Bg7 6. Re1 O-O 7. Bf1 Nc6 8. h3
e5 9. d4 cxd4 10. cxd4 exd4 11. Nxd4 Nxd4 12. Qxd4 Re8 13. Bg5 h6 14. Bxf6 Qxf6
15. Qxf6 Bxf6 16. Nc3 Bxc3 17. bxc3 Be6 18. a4 Rac8 19. Re3 Bc4 20. Rb1 Bxf1
21. Kxf1 Rc7 22. Ke2 b6 23. Rb4 Rec8 24. Kd2 Kf8 25. Rd3 Ke7 26. Rbd4 Rd8 27.
f4 h5 28. g4 hxg4 29. hxg4 Rh8 30. Rxd6 Rh2+ 31. Kd1 Rxc3 32. Rd7+ Ke8 33. Rd8+
Ke7 34. R3d7+ Ke6 35. Rd6+ Ke7 36. R6d7+ Ke6 37. Rd6+ Ke7 38. R8d7+ Ke8 39. g5
Rg3 40. Rd8+ Ke7 41. R6d7+ Ke6 42. Rd6+ Ke7 1/2-1/2

[Event "M.Botvinnik Memorial 2012"]
[Site "St. Petersburg, Russia"]
[Date "2012.08.29"]
[Round "5.90"]
[White "Tarakanova, Valeria"]
[Black "Ivanov, Sergei V"]
[Result "0-1"]
[WhiteElo "1767"]
[BlackElo "2108"]
[PlyCount "112"]
[EventDate "2012.08.25"]

1. e4 g6 2. d4 Bg7 3. f4 d6 4. Nc3 Nd7 5. Nf3 e6 6. Bd3 Ne7 7. O-O c5 8. Be3
O-O 9. Qd2 a6 10. Rad1 b5 11. dxc5 Nxc5 12. Bxb5 Bxc3 13. Qxc3 Nxe4 14. Qd3 Bb7
15. Bc4 Nf5 16. Nd2 Nc5 17. Bxc5 dxc5 18. Nb3 Qc7 19. Qe2 Nh4 20. g3 Nf5 21.
Bd3 Qc6 22. Kf2 c4 23. Bxc4 Qb6+ 24. Ke1 Ne3 25. Qf2 Nxc4 26. Qxb6 Nxb6 27. Rf2
Nc4 28. c3 Rfd8 29. Nc5 Rxd1+ 30. Kxd1 Rd8+ 31. Kc1 Bc8 32. b3 Ne3 33. Rd2 Rxd2
34. Kxd2 Nf1+ 35. Kd3 Nxh2 36. a4 Nf1 37. g4 h5 38. gxh5 gxh5 39. Ke2 Ng3+ 40.
Kf3 Nf5 41. b4 Nd6 42. Kg3 Kg7 43. b5 axb5 44. a5 Nc4 45. a6 Nb6 46. a7 Na8 47.
Ne4 Bb7 48. Nd6 Bc6 49. f5 e5 50. Kh4 e4 51. Kg3 Kf6 52. Nc8 Ke5 53. Ne7 Bb7
54. Ng8 Kxf5 55. Nh6+ Kg6 56. Ng8 Kg5 0-1

[Event "M.Botvinnik Memorial 2012"]
[Site "St. Petersburg, Russia"]
[Date "2012.08.29"]
[Round "5.91"]
[White "Yakovlev, Yuri S"]
[Black "Radkov, Bazhen D"]
[Result "0-1"]
[WhiteElo "2035"]
[BlackElo "1805"]
[PlyCount "114"]
[EventDate "2012.08.25"]

1. e4 e5 2. Bc4 Nf6 3. d3 Be7 4. f4 d6 5. Nf3 exf4 6. Bxf4 O-O 7. O-O c6 8. Be3
d5 9. exd5 cxd5 10. Bb3 Nc6 11. Kh1 Re8 12. Nbd2 Qc7 13. Bg5 Be6 14. Bh4 Ng4
15. Bg3 Bd6 16. Qe1 Rad8 17. Bxd6 Qxd6 18. Qh4 h6 19. d4 Ne7 20. Ne5 Nxe5 21.
dxe5 Qxe5 22. Qf2 Nc6 23. c3 Qh5 24. Nf3 b6 25. Ba4 Bd7 26. Rad1 Na5 27. Bxd7
Rxd7 28. Rd4 Nc6 29. Rh4 Qf5 30. g4 Qg6 31. Qg2 Rde7 32. g5 hxg5 33. Nxg5 Qd3
34. Nf3 Ne5 35. Rd4 Qg6 36. Rxd5 Qxg2+ 37. Kxg2 Ng4 38. Rd2 Ne3+ 39. Kf2 Nxf1
40. Kxf1 g6 41. Kf2 Kg7 42. Nd4 Re4 43. a4 Re1 44. Nc6 Ra1 45. Nxa7 Rxa4 46.
Nb5 Ra1 47. Nd4 Rea8 48. Ke3 R8a2 49. Nc2 Rb1 50. b4 Rbb2 51. Kd3 Ra8 52. Rg2
Rd8+ 53. Kc4 Rd1 54. b5 f5 55. Re2 Kf6 56. h4 Rh1 57. Kd3 Rh3+ 0-1

[Event "M.Botvinnik Memorial 2012"]
[Site "St. Petersburg, Russia"]
[Date "2012.08.29"]
[Round "5.92"]
[White "Bykova, Anastasia"]
[Black "Popov, Alexei"]
[Result "0-1"]
[WhiteElo "2013"]
[BlackElo "1797"]
[PlyCount "94"]
[EventDate "2012.08.25"]

1. d4 Nf6 2. Nf3 e6 3. Bf4 c5 4. c3 Nc6 5. e3 d5 6. Be2 c4 7. b3 b5 8. a4 Na5
9. Nbd2 b4 10. cxb4 Bxb4 11. bxc4 dxc4 12. O-O Ba6 13. Qc2 Nd5 14. Be5 f6 15.
Bg3 Rc8 16. Nb1 Nb3 17. Ra2 Be7 18. Rb2 Qa5 19. Rxb3 cxb3 20. Bb5+ Kf7 21. Qxb3
Bxb5 22. axb5 Nc3 23. d5 Qxb5 24. dxe6+ Kf8 25. Nbd2 Ne2+ 26. Kh1 Nxg3+ 27.
hxg3 Qxb3 28. Nxb3 Bd6 29. Nfd4 g6 30. Ra1 Bb8 31. Na5 Be5 32. f4 Bxd4 33. exd4
Ke7 34. d5 Rc5 35. Nc6+ Kd6 36. Ra6 Kxd5 37. Ne7+ Kc4 38. Rxa7 Rb8 39. Ra4+ Kd3
40. Ra3+ Kd4 41. Ra4+ Ke3 42. Ra3+ Kf2 43. g4 Re8 44. Ra7 Kg3 45. Ra3+ Kxg4 46.
Ra7 Rxe7 47. Rxe7 Kg3 0-1

[Event "M.Botvinnik Memorial 2012"]
[Site "St. Petersburg, Russia"]
[Date "2012.08.29"]
[Round "5.93"]
[White "Kokhnover, Ilya"]
[Black "Dushin, Nikolay"]
[Result "1/2-1/2"]
[WhiteElo "1743"]
[BlackElo "1998"]
[PlyCount "145"]
[EventDate "2012.08.25"]

1. e4 c6 2. d4 d5 3. exd5 cxd5 4. c4 Nf6 5. Nc3 Nc6 6. Bg5 e6 7. Nf3 Bb4 8. Rc1
h6 9. Bh4 dxc4 10. Bxf6 Qxf6 11. Bxc4 O-O 12. a3 Bxc3+ 13. bxc3 e5 14. d5 Na5
15. Be2 b6 16. O-O Bd7 17. Re1 Rfe8 18. Bf1 Rac8 19. c4 Bg4 20. Qd3 Bxf3 21.
Qxf3 Qxf3 22. gxf3 Nb7 23. Bh3 Rcd8 24. Re3 Kf8 25. Bf1 Nc5 26. Bh3 g6 27. Rce1
f6 28. Kh1 Kf7 29. Kg1 Re7 30. f4 e4 31. R1e2 f5 32. f3 Rc7 33. Bf1 Kf6 34.
fxe4 Nxe4 35. Rb2 g5 36. Rf3 g4 37. Re3 h5 38. Bd3 Nc5 39. Bc2 Rf7 40. Re5 Kg6
41. Rb1 Nb7 42. Rbe1 Rd6 43. Kg2 h4 44. R1e2 Rdf6 45. Re1 Nd6 46. Bd3 Rc7 47.
Rc1 Kf7 48. Rc2 Rc5 49. Rc3 b5 50. Kf2 bxc4 51. Kg2 Rb5 52. Bc2 Rb2 53. Kg1 a6
54. Kf1 Ra2 55. a4 Ra1+ 56. Kg2 h3+ 57. Kf2 Rh1 58. Kg3 Rg1+ 59. Kh4 Rg2 60.
Kg5 Kg7 61. Re7+ Rf7 62. Re6 Rd7 63. Bxf5 Nf7+ 64. Kh4 Rxd5 65. Be4 Rd6 66.
Rxd6 Nxd6 67. Bxg2 hxg2 68. Rc1 Nf5+ 69. Kxg4 Nd4 70. Rg1 c3 71. Rxg2 c2 72.
Rxc2 Nxc2 73. Kf5 1/2-1/2

[Event "M.Botvinnik Memorial 2012"]
[Site "St. Petersburg, Russia"]
[Date "2012.08.29"]
[Round "5.94"]
[White "Chuprova, Irina"]
[Black "Rybakova, Polina"]
[Result "1-0"]
[WhiteElo "1972"]
[BlackElo "1781"]
[PlyCount "171"]
[EventDate "2012.08.25"]

1. e4 c5 2. Nf3 d6 3. d4 cxd4 4. Nxd4 Nf6 5. Nc3 a6 6. Be2 e5 7. Nb3 Be7 8. Be3
Be6 9. Qd3 Nc6 10. a3 d5 11. Bc5 d4 12. Bxe7 Nxe7 13. Nb1 Ng6 14. g3 Rc8 15.
N1d2 b5 16. Rc1 Bc4 17. Qf3 Bxe2 18. Qxe2 O-O 19. O-O Rc7 20. f4 exf4 21. gxf4
Rxc2 22. Rxc2 d3 23. Qd1 dxc2 24. Qxc2 Qb6+ 25. Qc5 Qb7 26. Qd4 Rc8 27. f5 Ne7
28. e5 Nc6 29. Qf4 Nd5 30. Qe4 Qb6+ 31. Kh1 Nc7 32. Rc1 Ne7 33. Nd4 Rd8 34.
N2f3 a5 35. Rg1 Kh8 36. Qh4 Qc5 37. f6 Rxd4 38. fxg7+ Kg8 39. Qxd4 Qc6 40. Qg4
Ne6 41. Rd1 Ng6 42. Qg2 Nef4 43. Qg4 Kxg7 44. h4 h5 45. Qg3 Kh7 46. Kh2 Qc2+
47. Rd2 Qc1 48. Qg1 Qc4 49. Qf2 Ne6 50. Ng5+ Nxg5 51. hxg5 Nxe5 52. Qf5+ Ng6
53. Rf2 Qc7+ 54. Kh3 Kg8 55. Rc2 Qb6 56. Rc8+ Nf8 57. Rc3 a4 58. Rf3 Qb7 59.
Kh4 Ng6+ 60. Kxh5 Qc7 61. Kh6 Qe7 62. Qc8+ Nf8 63. Qc3 Ne6 64. Qf6 Qf8+ 65. Kh5
Ng7+ 66. Kh4 Qe8 67. Qc3 Qe4+ 68. Kh3 Qe6+ 69. Kg2 Nh5 70. Qe3 Qg4+ 71. Kf2 Qd7
72. Rh3 Ng7 73. Qd3 Qa7+ 74. Qe3 Qd7 75. Qd3 Qa7+ 76. Re3 Qc7 77. Qxb5 Qh2+ 78.
Ke1 Qg1+ 79. Kd2 Qh2+ 80. Re2 Qf4+ 81. Kc2 Qc7+ 82. Kb1 Qa7 83. Re1 Ne6 84. g6
Qf2 85. Qe8+ Kg7 86. Qxf7+ 1-0